000 00565nam a2200217Ia 4500
003 OSt
005 20220926042016.0
006 a|||||r|||| 00| 0
007 ta
008 220923b |||||||| |||| 00| 0 eng d
037 _cGeneral Book
040 _aRTL
_cRTL
_beng
041 _2eng
_aeng
082 _aY:1, J4
100 _aMead Margaret Ed.
_9134893
245 0 _aCultural patterns and technical change
260 _c1954
650 _aCulture and Civilisation
942 _hY:1, J4
_cGB
_2CC
999 _c668650
_d668650